| 000 | 00566nam a22001817a 4500 | ||
|---|---|---|---|
| 010 | _aENG-120873 | ||
| 020 |
_c1050.00 _a9789382730040 |
||
| 035 | _aEN-104405 | ||
| 037 | _bDBAD/PUB | ||
| 082 | _a658 | ||
| 100 | _aKarangale,L.K. | ||
| 245 |
_aPrincipals of business management / _cby L.K. Karangale |
||
| 260 |
_aKanpur _bGarima Prakashan _c2013 |
||
| 270 |
_aIst Floor,Mayur Park,Basant Vihjar,Naubasta, _bKanpur _e21 |
||
| 300 |
_a320p. _c24cm(Hb) |
||
| 500 | _aIncludes bibliographical references and index | ||
| 942 |
_2ddc _cEN _h658 _mKAR |
||
| 999 |
_c146705 _d146705 |
||